[Event "MCR druzstev mladsich zaku 2015"]
[Site "Hradec Kralove"]
[Date "2015.06.13"]
[Round "3.5"]
[White "Prochazka (ERA), Vojtech"]
[Black "Nytra (BSS F-M \"A\"), Ondrej"]
[Result "1-0"]
[BlackElo "1707"]
[WhiteElo "1364"]
[LiveChessVersion "1.4.4"]

1. e4 {[%clk 0:25:18]} e5 {[%clk 0:25:19]} 2. Nf3 {[%clk 0:25:26]} Nc6
{[%clk 0:25:27]} 3. Bb5 {[%clk 0:25:28]} a6 {[%clk 0:25:36]} 4. Ba4
{[%clk 0:25:34]} Bc5 {[%clk 0:25:29]} 5. d3 {[%clk 0:24:24]} d6 {[%clk 0:25:33]}
6. Be3 {[%clk 0:23:38]} Bb6 {[%clk 0:25:34]} 7. d4 {[%clk 0:22:35]} Ba5+
{[%clk 0:24:10]} 8. c3 {[%clk 0:21:07]} b5 {[%clk 0:23:47]} 9. Bb3
{[%clk 0:20:21]} Bg4 {[%clk 0:22:45]} 10. Bd5 {[%clk 0:17:54]} Nge7
{[%clk 0:21:24]} 11. dxe5 {[%clk 0:14:54]} Bxf3 {[%clk 0:20:53]} 12. Qxf3
{[%clk 0:14:08]} Nxe5 {[%clk 0:20:47]} 13. Qe2 {[%clk 0:13:25]} c6
{[%clk 0:19:43]} 14. Bb3 {[%clk 0:12:53]} O-O {[%clk 0:18:36]} 15. O-O
{[%clk 0:12:05]} c5 {[%clk 0:16:50]} 16. Nd2 {[%clk 0:10:33]} c4 {[%clk 0:16:40]}
17. Bc2 {[%clk 0:10:05]} Re8 {[%clk 0:15:24]} 18. Nf3 {[%clk 0:09:16]} N7g6
{[%clk 0:14:37]} 19. Rad1 {[%clk 0:08:27]} Nxf3+ {[%clk 0:14:17]} 20. Qxf3
{[%clk 0:08:11]} Ne5 {[%clk 0:14:19]} 21. Qe2 {[%clk 0:07:10]} Bb6
{[%clk 0:12:45]} 22. Rd5 {[%clk 0:06:19]} Re6 {[%clk 0:11:48]} 23. Rfd1
{[%clk 0:05:22]} Qc7 {[%clk 0:11:23]} 24. Kf1 {[%clk 0:03:47]} Rf6
{[%clk 0:10:41]} 25. h3 {[%clk 0:03:26]} Re8 {[%clk 0:09:45]} 26. Kg1
{[%clk 0:03:22]} h6 {[%clk 0:08:04]} 27. Qd2 {[%clk 0:02:51]} Rg6
{[%clk 0:07:50]} 28. Bxb6 {[%clk 0:02:28]} Qxb6 {[%clk 0:06:05]} 29. Kh1
{[%clk 0:02:11]} Ree6 {[%clk 0:03:45]} 30. Qd4 {[%clk 0:02:10]} Qxd4
{[%clk 0:03:36]} 31. R1xd4 {[%clk 0:02:18]} Ref6 {[%clk 0:03:28]} 32. f3
{[%clk 0:01:56]} Kf8 {[%clk 0:03:15]} 33. a4 bxa4 {[%clk 0:02:00]} 34. Bxa4
{[%clk 0:01:49]} Nd3 {[%clk 0:01:53]} 35. Rxc4 {[%clk 0:01:17]} Nf4
{[%clk 0:01:18]} 36. Rd2 {[%clk 0:01:16]} Rg3 {[%clk 0:01:06]} 37. Rc8+
{[%clk 0:00:57]} Ke7 {[%clk 0:01:07]} 38. Re8# 1-0

[Event "MCR druzstev mladsich zaku 2015"]
[Site "Hradec Kralove"]
[Date "2015.06.13"]
[Round "3.6"]
[White "Laurincova (BSS F-M \"A\"), Kristyna"]
[Black "Skoumal (ERA), Daniel"]
[Result "1-0"]
[BlackElo "1339"]
[WhiteElo "1657"]
[LiveChessVersion "1.4.4"]

1. e4 {[%clk 0:25:19]} e5 {[%clk 0:25:18]} 2. Nf3 {[%clk 0:25:27]} Nc6
{[%clk 0:25:26]} 3. d4 {[%clk 0:25:36]} exd4 {[%clk 0:25:34]} 4. Nxd4
{[%clk 0:25:44]} Bc5 {[%clk 0:25:41]} 5. Be3 {[%clk 0:25:52]} Qf6
{[%clk 0:25:48]} 6. c3 {[%clk 0:26:00]} d6 {[%clk 0:25:35]} 7. Bc4
{[%clk 0:25:56]} Ne5 {[%clk 0:25:41]} 8. Be2 {[%clk 0:26:05]} d5 {[%clk 0:25:36]}
9. exd5 {[%clk 0:25:28]} Ne7 {[%clk 0:25:41]} 10. Nc2 {[%clk 0:24:04]} Bxe3
{[%clk 0:25:30]} 11. Nxe3 {[%clk 0:24:09]} O-O {[%clk 0:25:02]} 12. O-O
{[%clk 0:24:11]} Rd8 {[%clk 0:24:42]} 13. Qb3 {[%clk 0:21:50]} Bf5
{[%clk 0:23:08]} 14. Nd2 {[%clk 0:20:44]} b6 {[%clk 0:22:50]} 15. Nf3
{[%clk 0:20:21]} Bg4 {[%clk 0:21:25]} 16. Nd4 {[%clk 0:18:08]} Bxe2
{[%clk 0:21:25]} 17. Nxe2 {[%clk 0:18:16]} c5 {[%clk 0:21:00]} 18. dxc6
{[%clk 0:17:45]} N5xc6 {[%clk 0:20:54]} 19. Rad1 {[%clk 0:17:34]} Rac8
{[%clk 0:19:32]} 20. Rxd8+ {[%clk 0:17:10]} Rxd8 {[%clk 0:19:37]} 21. Rd1
{[%clk 0:17:16]} Ng6 {[%clk 0:18:32]} 22. Rxd8+ {[%clk 0:15:57]} Qxd8
{[%clk 0:18:32]} 23. Qd5 {[%clk 0:15:37]} Qxd5 {[%clk 0:18:15]} 24. Nxd5
{[%clk 0:15:47]} Nge5 {[%clk 0:18:06]} 25. Nc1 {[%clk 0:13:52]} Nc4
{[%clk 0:17:59]} 26. Nd3 {[%clk 0:13:56]} Nd8 {[%clk 0:17:19]} 27. Kf1
{[%clk 0:13:48]} Ne6 {[%clk 0:17:09]} 28. N5b4 {[%clk 0:13:04]} a5
{[%clk 0:17:02]} 29. Nd5 Kf8 {[%clk 0:16:34]} 30. Ke1 {[%clk 0:11:25]} Ke8
{[%clk 0:16:35]} 31. Kd1 {[%clk 0:11:31]} Kd7 {[%clk 0:16:30]} 32. Kc2
{[%clk 0:11:34]} Kd6 {[%clk 0:16:21]} 33. N5f4 {[%clk 0:10:23]} Ng5
{[%clk 0:15:33]} 34. Ne2 {[%clk 0:09:48]} Ne4 {[%clk 0:15:23]} 35. Nd4
{[%clk 0:09:48]} g6 {[%clk 0:15:05]} 36. Nf3 {[%clk 0:08:59]} f6 {[%clk 0:14:49]}
37. Nd4 {[%clk 0:08:42]} Kd5 {[%clk 0:14:39]} 38. b3 {[%clk 0:08:03]} Ne5
{[%clk 0:14:29]} 39. f3 {[%clk 0:07:32]} Nd6 {[%clk 0:14:01]} 40. Ne2
{[%clk 0:07:17]} Nc6 {[%clk 0:13:36]} 41. Nef4# 1-0

[Event "MCR druzstev mladsich zaku 2015"]
[Site "Hradec Kralove"]
[Date "2015.06.13"]
[Round "3.7"]
[White "Jirousek (Polabiny \"A\"), Jan"]
[Black "Janecek (Horni Stropnice), Tadeas"]
[Result "1-0"]
[BlackElo "1317"]
[WhiteElo "1618"]
[LiveChessVersion "1.4.4"]

1. d4 {[%clk 0:25:18]} d5 {[%clk 0:25:18]} 2. c4 {[%clk 0:25:27]} e6
{[%clk 0:25:18]} 3. Nc3 {[%clk 0:25:34]} Nf6 {[%clk 0:25:23]} 4. Bg5
{[%clk 0:25:30]} Be7 {[%clk 0:25:01]} 5. e3 {[%clk 0:25:39]} Bb4 {[%clk 0:24:38]}
6. Nf3 {[%clk 0:25:34]} h6 {[%clk 0:24:25]} 7. Bh4 {[%clk 0:25:13]} g5
{[%clk 0:24:08]} 8. Bg3 {[%clk 0:25:11]} Ne4 {[%clk 0:23:56]} 9. Qc2
{[%clk 0:24:48]} Bxc3+ {[%clk 0:23:33]} 10. bxc3 {[%clk 0:24:46]} Nxg3
{[%clk 0:23:19]} 11. hxg3 {[%clk 0:24:51]} Nc6 {[%clk 0:22:48]} 12. Bd3
{[%clk 0:23:25]} dxc4 {[%clk 0:21:39]} 13. Bxc4 {[%clk 0:23:25]} Bd7
{[%clk 0:21:34]} 14. Rb1 {[%clk 0:23:04]} Na5 {[%clk 0:20:32]} 15. Bd3
{[%clk 0:22:52]} Bc6 {[%clk 0:19:31]} 16. Be4 {[%clk 0:20:13]} Bxe4
{[%clk 0:15:10]} 17. Qxe4 {[%clk 0:20:21]} Qe7 {[%clk 0:13:38]} 18. Qe5
{[%clk 0:18:54]} f6 {[%clk 0:11:53]} 19. Qxa5 {[%clk 0:18:50]} b6
{[%clk 0:11:16]} 20. Qa4+ {[%clk 0:18:32]} Kf7 {[%clk 0:10:54]} 21. Qb4
{[%clk 0:18:26]} Rad8 {[%clk 0:10:16]} 22. Qxe7+ {[%clk 0:18:32]} Kxe7
{[%clk 0:10:23]} 23. Ke2 {[%clk 0:18:28]} g4 {[%clk 0:10:10]} 24. Nd2
{[%clk 0:18:33]} f5 {[%clk 0:08:34]} 25. Nc4 {[%clk 0:18:17]} Rd5
{[%clk 0:07:22]} 26. Ne5 {[%clk 0:17:28]} Kf6 {[%clk 0:06:39]} 27. Rb2
{[%clk 0:17:05]} Rd6 {[%clk 0:05:02]} 28. Rb3 {[%clk 0:16:51]} c5
{[%clk 0:04:28]} 29. Rc1 {[%clk 0:16:10]} Rc8 {[%clk 0:03:50]} 30. a4
{[%clk 0:15:45]} cxd4 {[%clk 0:03:09]} 31. exd4 {[%clk 0:14:19]} Rxd4
{[%clk 0:02:56]} 32. cxd4 {[%clk 0:09:34]} Rxc1 {[%clk 0:03:03]} 33. Rb2
{[%clk 0:08:34]} Rg1 {[%clk 0:01:56]} 34. Rc2 {[%clk 0:08:23]} Ra1
{[%clk 0:01:10]} 35. Rc4 {[%clk 0:07:56]} Ra2+ {[%clk 0:01:15]} 36. Ke3
{[%clk 0:06:57]} Ra3+ {[%clk 0:00:53]} 37. Kf4 {[%clk 0:06:22]} Ra2
{[%clk 0:00:39]} 38. f3 {[%clk 0:05:57]} Rf2 {[%clk 0:00:19]} 39. Rc7
{[%clk 0:05:46]} a6 {[%clk 0:00:22]} 40. Rf7# 1-0

[Event "MCR druzstev mladsich zaku 2015"]
[Site "Hradec Kralove"]
[Date "2015.06.13"]
[Round "3.8"]
[White "Bauer (Horni Stropnice), Vaclav"]
[Black "Jun (Polabiny \"A\"), Rudolf"]
[Result "0-1"]
[BlackElo "1688"]
[WhiteElo "1354"]
[LiveChessVersion "1.4.4"]

1. e4 {[%clk 0:25:19]} c5 {[%clk 0:25:13]} 2. Nf3 {[%clk 0:25:25]} e6
{[%clk 0:24:53]} 3. d4 {[%clk 0:24:56]} cxd4 {[%clk 0:23:34]} 4. Nxd4
{[%clk 0:25:03]} d6 {[%clk 0:23:23]} 5. Nc3 {[%clk 0:24:13]} a6 {[%clk 0:23:19]}
6. Bd3 {[%clk 0:23:13]} Be7 {[%clk 0:20:47]} 7. O-O {[%clk 0:22:24]} Nf6
{[%clk 0:17:59]} 8. Bg5 {[%clk 0:17:05]} O-O {[%clk 0:12:31]} 9. Nf3
{[%clk 0:11:22]} Nbd7 {[%clk 0:08:06]} 10. Re1 {[%clk 0:09:02]} Qc7
{[%clk 0:01:45]} 11. Qe2 {[%clk 0:06:17]} b5 {[%clk 0:01:46]} 12. e5 dxe5
{[%clk 0:01:49]} 13. Nxe5 {[%clk 0:04:29]} Nxe5 {[%clk 0:01:57]} 14. Qxe5
{[%clk 0:04:36]} Qxe5 {[%clk 0:02:04]} 15. Rxe5 {[%clk 0:04:44]} Bb7
{[%clk 0:01:56]} 16. Re3 {[%clk 0:01:42]} Rfe8 {[%clk 0:01:25]} 17. Rh3
{[%clk 0:00:53]} h6 {[%clk 0:01:21]} 18. Bxf6 {[%clk 0:00:50]} Bxf6
{[%clk 0:01:27]} 19. Re3 {[%clk 0:00:54]} Rac8 {[%clk 0:01:30]} 20. Be2
{[%clk 0:00:55]} Bg5 {[%clk 0:01:35]} 21. Rd3 {[%clk 0:00:52]} b4
{[%clk 0:01:44]} 22. Na4 {[%clk 0:00:34]} Rxc2 {[%clk 0:01:47]} 23. Bf3
{[%clk 0:00:29]} Bxf3 {[%clk 0:01:53]} 24. Rxf3 {[%clk 0:00:37]} Rc6
{[%clk 0:01:55]} 25. b3 {[%clk 0:00:24]} Rec8 {[%clk 0:01:59]} 26. h3
{[%clk 0:00:15]} Rc1+ {[%clk 0:02:07]} 27. Rxc1 {[%clk 0:00:21]} Rxc1+
{[%clk 0:02:16]} 28. Kh2 {[%clk 0:00:29]} Ra1 {[%clk 0:02:24]} 29. Nb2
{[%clk 0:00:16]} Rxa2 {[%clk 0:02:30]} 30. Nc4 {[%clk 0:00:23]} Be7
{[%clk 0:02:16]} 31. Ne5 {[%clk 0:00:22]} Bd6 {[%clk 0:02:24]} 32. Re3
{[%clk 0:00:24]} f6 {[%clk 0:02:34]} 33. f4 {[%clk 0:00:22]} fxe5
{[%clk 0:02:42]} 34. fxe5 {[%clk 0:00:30]} Bc5 {[%clk 0:02:48]} 35. Rd3
{[%clk 0:00:37]} Rb2 {[%clk 0:02:54]} 36. Rd8+ {[%clk 0:00:24]} Kh7
{[%clk 0:03:03]} 37. Rd3 {[%clk 0:00:32]} a5 {[%clk 0:03:06]} 38. Rf3
{[%clk 0:00:34]} Bd4 {[%clk 0:03:15]} 39. Kh1 {[%clk 0:00:31]} Bxe5
{[%clk 0:03:23]} 40. Re3 {[%clk 0:00:35]} Rb1+ {[%clk 0:03:32]} 0-1

[Event "MCR druzstev mladsich zaku 2015"]
[Site "Hradec Kralove"]
[Date "2015.06.13"]
[Round "3.9"]
[White "Zejdlik (Polabiny \"A\"), Erik"]
[Black "Fuciman (Horni Stropnice), Ondrej"]
[Result "1-0"]
[BlackElo "1617"]
[WhiteElo "1493"]
[LiveChessVersion "1.4.4"]

1. d4 {[%clk 0:25:17]} Nf6 {[%clk 0:25:17]} 2. Nf3 {[%clk 0:25:22]} g6
{[%clk 0:25:09]} 3. Bf4 {[%clk 0:25:15]} Bg7 {[%clk 0:25:14]} 4. c3
{[%clk 0:25:21]} d6 {[%clk 0:25:06]} 5. e3 {[%clk 0:25:15]} O-O {[%clk 0:25:10]}
6. Bd3 {[%clk 0:24:34]} Nbd7 {[%clk 0:24:38]} 7. e4 {[%clk 0:24:35]} c6
{[%clk 0:23:48]} 8. O-O {[%clk 0:24:28]} Re8 {[%clk 0:22:00]} 9. h3
{[%clk 0:23:20]} e5 {[%clk 0:21:09]} 10. dxe5 {[%clk 0:22:52]} dxe5
{[%clk 0:20:49]} 11. Bh2 {[%clk 0:22:50]} Re7 {[%clk 0:17:50]} 12. Nbd2
{[%clk 0:21:04]} Ne8 {[%clk 0:17:34]} 13. Qe2 {[%clk 0:18:02]} f6
{[%clk 0:16:45]} 14. Rad1 {[%clk 0:16:32]} Nb6 {[%clk 0:16:04]} 15. Nc4
{[%clk 0:13:28]} Kh8 {[%clk 0:16:02]} 16. Qe3 {[%clk 0:11:07]} Nxc4
{[%clk 0:13:29]} 17. Bxc4 {[%clk 0:11:07]} Rd7 {[%clk 0:13:24]} 18. Bb3
{[%clk 0:10:43]} Qe7 {[%clk 0:11:45]} 19. Rxd7 {[%clk 0:10:35]} Bxd7
{[%clk 0:11:47]} 20. Rd1 {[%clk 0:10:39]} Be6 {[%clk 0:11:32]} 21. Bxe6
{[%clk 0:09:42]} Qxe6 {[%clk 0:11:37]} 22. b3 {[%clk 0:09:49]} Bf8
{[%clk 0:08:26]} 23. Qd3 {[%clk 0:07:20]} Bd6 {[%clk 0:07:20]} 24. Ne1
{[%clk 0:05:17]} Rd8 {[%clk 0:06:47]} 25. Qc2 {[%clk 0:05:25]} Bc7
{[%clk 0:06:34]} 26. Rxd8 {[%clk 0:04:55]} Bxd8 {[%clk 0:06:41]} 27. Bg3
{[%clk 0:04:47]} Bb6 {[%clk 0:06:33]} 28. Kf1 {[%clk 0:04:30]} Qd6
{[%clk 0:04:11]} 29. Qd3 {[%clk 0:04:04]} Qxd3+ {[%clk 0:03:58]} 30. Nxd3
{[%clk 0:04:11]} Nd6 {[%clk 0:04:04]} 31. f3 {[%clk 0:03:47]} Nb5
{[%clk 0:03:24]} 32. Be1 {[%clk 0:03:34]} Nc7 {[%clk 0:02:58]} 33. a4
{[%clk 0:02:56]} a6 {[%clk 0:02:40]} 34. Bf2 {[%clk 0:02:36]} Bxf2
{[%clk 0:02:30]} 35. Kxf2 {[%clk 0:02:43]} Ne6 {[%clk 0:02:38]} 36. g3
{[%clk 0:02:27]} Kg8 {[%clk 0:02:23]} 37. f4 {[%clk 0:02:10]} exf4
{[%clk 0:02:21]} 38. gxf4 {[%clk 0:02:19]} b6 {[%clk 0:02:11]} 39. Ke3
{[%clk 0:01:58]} Kf7 {[%clk 0:02:02]} 40. e5 {[%clk 0:01:09]} Nd8
{[%clk 0:00:58]} 41. Ke4 {[%clk 0:00:53]} f5+ {[%clk 0:00:36]} 42. Ke3
{[%clk 0:00:38]} Ke6 {[%clk 0:00:37]} 43. Kd4 {[%clk 0:00:33]} Kd7
{[%clk 0:00:27]} 44. b4 {[%clk 0:00:22]} Ne6+ {[%clk 0:00:33]} 45. Ke3
{[%clk 0:00:26]} c5 {[%clk 0:00:31]} 46. bxc5 {[%clk 0:00:33]} Nxc5
{[%clk 0:00:30]} 47. Nxc5+ {[%clk 0:00:42]} bxc5 {[%clk 0:00:37]} 48. Kd3
{[%clk 0:00:52]} Kc6 {[%clk 0:00:37]} 49. Kc4 {[%clk 0:01:01]} h6
{[%clk 0:00:38]} 50. h4 {[%clk 0:01:10]} h5 {[%clk 0:00:46]} 51. e6
{[%clk 0:01:18]} Kd6 {[%clk 0:00:52]} 52. e7 {[%clk 0:01:25]} Kxe7
{[%clk 0:00:59]} 53. Kxc5 {[%clk 0:01:33]} g5 {[%clk 0:01:05]} 54. fxg5
{[%clk 0:01:41]} f4 55. Kd4 Ke6 {[%clk 0:01:08]} 56. Ke4 {[%clk 0:01:50]} f3
{[%clk 0:01:10]} 57. Kxf3 {[%clk 0:01:59]} Kd5 {[%clk 0:01:18]} 58. g6
{[%clk 0:02:08]} Kc4 {[%clk 0:01:27]} 59. g7 {[%clk 0:02:16]} Kxc3
{[%clk 0:01:35]} 60. g8=Q {[%clk 0:02:23]} 1-0

[Event "MCR druzstev mladsich zaku 2015"]
[Site "Hradec Kralove"]
[Date "2015.06.13"]
[Round "3.10"]
[White "Rolinkova (Horni Stropnice), Lucie"]
[Black "Brazda (Polabiny \"A\"), Vit"]
[Result "0-1"]
[BlackElo "1419"]
[WhiteElo "1411"]
[LiveChessVersion "1.4.4"]

1. e4 {[%clk 0:25:18]} e5 {[%clk 0:25:17]} 2. Nf3 {[%clk 0:25:26]} Nc6
{[%clk 0:25:24]} 3. Bc4 {[%clk 0:25:34]} Nf6 {[%clk 0:25:30]} 4. d4
{[%clk 0:24:06]} exd4 {[%clk 0:23:46]} 5. Nxd4 {[%clk 0:20:52]} Bc5
{[%clk 0:21:45]} 6. Nxc6 {[%clk 0:20:24]} bxc6 {[%clk 0:21:49]} 7. O-O
{[%clk 0:19:15]} O-O {[%clk 0:21:26]} 8. e5 {[%clk 0:16:23]} Ne4 {[%clk 0:18:56]}
9. Qe2 {[%clk 0:16:00]} Ng5 {[%clk 0:17:20]} 10. Be3 {[%clk 0:14:36]} Bxe3
{[%clk 0:16:57]} 11. Qxe3 {[%clk 0:14:42]} Ne6 {[%clk 0:16:42]} 12. Nc3
{[%clk 0:14:28]} d6 {[%clk 0:14:35]} 13. Rad1 {[%clk 0:14:19]} d5
{[%clk 0:13:52]} 14. Bb3 {[%clk 0:13:39]} Qe7 {[%clk 0:12:01]} 15. Qe2
{[%clk 0:12:47]} Nf4 {[%clk 0:10:48]} 16. Qe1 {[%clk 0:11:41]} Qg5
{[%clk 0:10:03]} 17. g3 {[%clk 0:10:52]} Bh3 {[%clk 0:09:51]} 18. Kh1
{[%clk 0:10:00]} Bg2+ {[%clk 0:09:47]} 19. Kg1 {[%clk 0:09:59]} Bxf1
{[%clk 0:09:53]} 20. Qxf1 {[%clk 0:09:59]} Ne6 {[%clk 0:09:38]} 21. Re1
{[%clk 0:09:53]} Nd4 {[%clk 0:09:10]} 22. Kh1 {[%clk 0:09:39]} Nf3
{[%clk 0:08:35]} 23. Re3 {[%clk 0:08:42]} Qh5 {[%clk 0:07:55]} 24. Qg2
{[%clk 0:08:07]} Nxe5 {[%clk 0:07:42]} 25. Re1 {[%clk 0:06:09]} Nf3
{[%clk 0:06:54]} 26. Re3 {[%clk 0:05:38]} Nd2 {[%clk 0:06:40]} 27. Ne2
{[%clk 0:05:15]} Nxb3 {[%clk 0:06:26]} 28. axb3 {[%clk 0:05:21]} h6
{[%clk 0:06:23]} 29. b4 {[%clk 0:05:01]} Rfe8 {[%clk 0:06:24]} 30. g4
{[%clk 0:03:13]} Qg5 {[%clk 0:06:11]} 31. f4 {[%clk 0:02:58]} Qf6
{[%clk 0:06:02]} 32. Rb3 {[%clk 0:01:35]} Rab8 {[%clk 0:05:33]} 33. h3
{[%clk 0:01:16]} Qe7 {[%clk 0:04:12]} 34. Ng1 {[%clk 0:01:21]} Rxb4
{[%clk 0:03:52]} 35. Rxb4 {[%clk 0:00:55]} Qxb4 {[%clk 0:03:59]} 36. b3
{[%clk 0:01:03]} Qxf4 {[%clk 0:03:42]} 37. Ne2 {[%clk 0:00:41]} Qe4
{[%clk 0:03:34]} 38. Qxe4 {[%clk 0:00:40]} Rxe4 {[%clk 0:03:39]} 39. Ng1
{[%clk 0:00:32]} Re1 {[%clk 0:03:20]} 40. Kg2 {[%clk 0:00:41]} Rc1
{[%clk 0:03:24]} 0-1

[Event "MCR druzstev mladsich zaku 2015"]
[Site "Hradec Kralove"]
[Date "2015.06.13"]
[Round "3.11"]
[White "Stocek (Polabiny \"A\"), Martin"]
[Black "Kotal (Horni Stropnice), Vit"]
[Result "1-0"]
[BlackElo "1450"]
[WhiteElo "1439"]
[LiveChessVersion "1.4.4"]

1. e4 {[%clk 0:25:16]} e5 {[%clk 0:25:16]} 2. Nf3 {[%clk 0:25:23]} Nf6
{[%clk 0:25:21]} 3. Nxe5 {[%clk 0:25:22]} d6 {[%clk 0:25:19]} 4. Nf3
{[%clk 0:25:10]} Bg4 {[%clk 0:24:54]} 5. d3 {[%clk 0:24:10]} Nc6 {[%clk 0:24:12]}
6. Be2 {[%clk 0:22:47]} Be7 {[%clk 0:21:54]} 7. Nc3 {[%clk 0:22:47]} O-O
{[%clk 0:21:54]} 8. O-O {[%clk 0:22:46]} Re8 {[%clk 0:20:25]} 9. h3
{[%clk 0:22:18]} Bh5 {[%clk 0:19:14]} 10. Re1 {[%clk 0:21:56]} h6
{[%clk 0:18:32]} 11. Be3 {[%clk 0:21:03]} Ne5 {[%clk 0:16:53]} 12. Nxe5
{[%clk 0:20:42]} Bxe2 {[%clk 0:16:46]} 13. Qxe2 {[%clk 0:20:42]} dxe5
{[%clk 0:16:49]} 14. a3 {[%clk 0:20:21]} Qd7 {[%clk 0:15:54]} 15. Rad1
{[%clk 0:20:07]} c5 {[%clk 0:15:27]} 16. Nb1 {[%clk 0:18:48]} b6 {[%clk 0:15:10]}
17. Nd2 {[%clk 0:18:10]} Rac8 {[%clk 0:14:41]} 18. Nc4 {[%clk 0:18:00]} Bd6
{[%clk 0:14:39]} 19. Nxd6 {[%clk 0:17:40]} Qxd6 {[%clk 0:14:41]} 20. Qf3
{[%clk 0:15:36]} Nh7 {[%clk 0:12:29]} 21. c3 {[%clk 0:13:42]} Qf6
{[%clk 0:11:25]} 22. Qxf6 {[%clk 0:13:12]} Nxf6 {[%clk 0:11:32]} 23. f3
{[%clk 0:12:42]} Nd7 {[%clk 0:11:09]} 24. d4 {[%clk 0:12:07]} f6 {[%clk 0:10:40]}
25. d5 {[%clk 0:11:44]} Nf8 {[%clk 0:10:03]} 26. f4 {[%clk 0:11:11]} Ng6
{[%clk 0:09:23]} 27. fxe5 {[%clk 0:10:36]} Rxe5 {[%clk 0:08:52]} 28. Bd2
{[%clk 0:10:03]} Nh4 {[%clk 0:08:30]} 29. Bf4 {[%clk 0:09:01]} Re7
{[%clk 0:07:58]} 30. e5 {[%clk 0:08:28]} fxe5 {[%clk 0:07:22]} 31. Rxe5
{[%clk 0:08:17]} Rxe5 {[%clk 0:07:15]} 32. Bxe5 {[%clk 0:08:22]} Ng6
{[%clk 0:07:03]} 33. Re1 {[%clk 0:08:10]} Re8 {[%clk 0:06:02]} 34. Bg3
{[%clk 0:07:56]} Rxe1+ {[%clk 0:05:53]} 35. Bxe1 {[%clk 0:08:03]} Nf4
{[%clk 0:05:43]} 36. Bg3 {[%clk 0:07:58]} Nh5 {[%clk 0:05:29]} 37. d6
{[%clk 0:07:15]} Nf6 {[%clk 0:05:30]} 38. Kf1 {[%clk 0:06:20]} Kf7
{[%clk 0:05:39]} 39. Ke2 {[%clk 0:06:22]} Ke6 {[%clk 0:05:05]} 40. Kd3
{[%clk 0:05:56]} Kd5 {[%clk 0:04:45]} 41. c4+ {[%clk 0:05:45]} Ke6
{[%clk 0:04:48]} 42. b4 {[%clk 0:04:43]} cxb4 {[%clk 0:04:17]} 43. axb4
{[%clk 0:04:51]} Nd7 {[%clk 0:04:26]} 44. Kd4 {[%clk 0:04:26]} g6
{[%clk 0:03:30]} 45. c5 {[%clk 0:03:54]} Nb8 {[%clk 0:03:01]} 46. b5
{[%clk 0:03:16]} Kd7 {[%clk 0:01:46]} 47. Kd5 {[%clk 0:02:45]} bxc5
{[%clk 0:01:31]} 48. Kxc5 {[%clk 0:02:48]} a6 {[%clk 0:01:38]} 49. b6
{[%clk 0:02:30]} Nc6 {[%clk 0:01:44]} 50. b7 {[%clk 0:02:15]} a5 {[%clk 0:01:53]}
51. Kb5 {[%clk 0:02:12]} h5 {[%clk 0:01:33]} 52. Be1 {[%clk 0:02:02]} Kxd6
{[%clk 0:01:27]} 53. Bxa5 {[%clk 0:01:57]} Kd7 {[%clk 0:01:14]} 54. Ka6
{[%clk 0:01:31]} g5 {[%clk 0:01:16]} 55. Bd2 {[%clk 0:01:06]} g4 {[%clk 0:01:07]}
56. hxg4 {[%clk 0:01:09]} hxg4 {[%clk 0:01:11]} 57. Kb6 {[%clk 0:01:10]} Nb8
{[%clk 0:00:44]} 58. Bf4 {[%clk 0:00:57]} Nc6 {[%clk 0:00:45]} 59. b8=Q
{[%clk 0:01:03]} Nxb8 {[%clk 0:00:53]} 60. Bxb8 {[%clk 0:01:11]} Ke6
{[%clk 0:01:02]} 61. g3 {[%clk 0:01:18]} Kd5 {[%clk 0:01:06]} 62. Bf4
{[%clk 0:01:19]} Ke6 {[%clk 0:01:13]} 63. Kc6 {[%clk 0:01:27]} Kf5
{[%clk 0:01:21]} 64. Kd5 {[%clk 0:01:35]} Kg6 {[%clk 0:01:28]} 65. Ke4
{[%clk 0:01:30]} Kf6 {[%clk 0:01:29]} 66. Bc7 {[%clk 0:01:28]} Kg6
{[%clk 0:01:37]} 67. Kf4 {[%clk 0:01:33]} Kh5 {[%clk 0:01:46]} 68. Kf5 1-0

[Event "MCR druzstev mladsich zaku 2015"]
[Site "Hradec Kralove"]
[Date "2015.06.13"]
[Round "3.12"]
[White "Rolinkova (Horni Stropnice), Adela"]
[Black "Pilna (Polabiny \"A\"), Jitka"]
[Result "0-1"]
[BlackElo "1153"]
[WhiteElo "1044"]
[LiveChessVersion "1.4.4"]

1. e4 {[%clk 0:25:18]} e5 {[%clk 0:25:19]} 2. Nf3 {[%clk 0:25:26]} Nc6
{[%clk 0:25:26]} 3. Bc4 {[%clk 0:25:34]} Nf6 {[%clk 0:25:30]} 4. d3
{[%clk 0:25:28]} Bb4+ {[%clk 0:25:02]} 5. Nc3 {[%clk 0:25:32]} d6
{[%clk 0:25:01]} 6. a3 {[%clk 0:25:19]} Bxc3+ {[%clk 0:25:06]} 7. bxc3
{[%clk 0:25:25]} Bg4 {[%clk 0:25:11]} 8. O-O h6 {[%clk 0:24:30]} 9. h3
{[%clk 0:23:49]} Bh5 {[%clk 0:24:31]} 10. Be3 {[%clk 0:23:01]} O-O
{[%clk 0:24:04]} 11. Re1 {[%clk 0:22:31]} Qd7 {[%clk 0:23:42]} 12. d4
{[%clk 0:20:42]} exd4 {[%clk 0:23:39]} 13. cxd4 {[%clk 0:20:43]} Nxe4
{[%clk 0:23:43]} 14. d5 {[%clk 0:20:08]} Ne5 {[%clk 0:22:54]} 15. Bd4
{[%clk 0:19:03]} Nxf3+ {[%clk 0:22:31]} 16. gxf3 {[%clk 0:18:52]} Qxh3
{[%clk 0:20:40]} 17. Re3 {[%clk 0:17:33]} Ng5 {[%clk 0:19:06]} 18. Be2
{[%clk 0:17:24]} Rae8 {[%clk 0:18:19]} 19. f4 {[%clk 0:16:43]} Bxe2
{[%clk 0:18:20]} 20. Qxe2 {[%clk 0:16:41]} Rxe3 {[%clk 0:18:28]} 21. Bxe3
{[%clk 0:16:24]} Nf3+ {[%clk 0:18:27]} 22. Qxf3 {[%clk 0:16:22]} Qxf3
{[%clk 0:18:35]} 23. Kh2 {[%clk 0:15:23]} Qxd5 {[%clk 0:18:18]} 24. Rg1
{[%clk 0:15:14]} a5 {[%clk 0:17:57]} 25. f5 {[%clk 0:14:27]} Qxf5
{[%clk 0:17:28]} 26. Kg2 {[%clk 0:13:42]} Qxc2 {[%clk 0:17:23]} 27. Kh3
{[%clk 0:13:27]} Qf5+ {[%clk 0:17:03]} 28. Kh4 {[%clk 0:13:35]} Qf3
{[%clk 0:16:44]} 29. Bxh6 {[%clk 0:13:16]} Qxf2+ {[%clk 0:16:45]} 30. Rg3
{[%clk 0:13:16]} Qf6+ {[%clk 0:16:31]} 31. Kh5 {[%clk 0:12:21]} g6+
{[%clk 0:16:39]} 32. Kg4 {[%clk 0:12:16]} Qf5+ {[%clk 0:16:16]} 33. Kh4 Qh5# 0-1